Zelda Twilight Princess Characters - Statistics

General Stats
  • This quiz has been taken 1,308 times
  • The average score is 13 of 33
Answer Stats
Description Character % Correct
Hero of the game Link
100%
Princess of Hyrule Zelda
97%
Annoying spirit that helps Link Midna
90%
Lord of Shadows Zant
78%
Shy boy from Ordon who idolizes Link Colin
74%
Race that live in water Zora
70%
Proud, gentle race who live on Death Mountain Gorons
65%
Ordon's mayor's daughter Ilia
63%
Above's younger brother Malo
58%
Troublesome boy from Ordon Talo
48%
Collects Golden Bugs Agitha
45%
Harmless but troublesome mammals that live in Faron Woods Monkeys
44%
Owner of a bar in Castle Town Telma
41%
Yeti couple on Snowpeak Mountain Yeto & Yeta
40%
Helps Link escape from dungeons Ooccoo & Ooccoo Jr.
37%
Daughter of the general store owner in Ordon Beth
35%
Deliver's your mail Postman
33%
Runs a bomb shop in Kakariko Barnes
29%
Prince of the Zora's Ralis
28%
Colin's father and protector of Ordon Rusl
28%
Queen of the Zora's Rutela
25%
Trained by her father on combat. She is in Snowpeak Mountain Ashei
21%
Priest of Kakariko Renado
20%
Bookworm who believes the key to saving Hyrule is in the mysteries of ancient civilisation Shad
20%
Boss of Goron tribe Darbus
18%
Sells goods near Ordon in Faron Woods Coro
12%
Oldest Goron and leader of their tribe Gor Coron
11%
Owns the Fishing Hole on Zora's River Hena
11%
Daughter of above Luda
10%
Worked for the Royal Family and taught Zelda Auru
9%
They own Watertop Land of Fantastication on Zora's River Fyer & Falbi
9%
Runs Boat Rental Cabin on Zora's River Iza
7%
Owns a general store in Castle Town and is a snob Shopkeeper
1%
No matching quizzes found
Score Distribution
Percent of People with Each Score
Percentile by Number Answered
Your Score History
You have not taken this quiz